| 000 | 00499nam a2200145Ia 4500 | ||
|---|---|---|---|
| 008 | 180921t1892 xxu||||| ||||o00| 0 eng d | ||
| 041 | _aeng | ||
| 245 | _aPapers Laid Before The Legislative Council of Ceylon During The Session of 1891 : Archaeological Survey of Ceylon.Report on The Kegalla District of The Province of Sabaragamuwa. | ||
| 260 | _c1892 | ||
| 300 | _ap.537-, 33 cm | ||
| 500 | _aSessional Paper xix-1892 | ||
| 942 | _cBK | ||
| 999 |
_c51538 _d51538 |
||
| 003 | LK-CoDNM | ||
| 040 |
_aLK-CoDNM _dLK-CoDNM _eLK-CoDNM |
||